| 000 | 00483nam a2200169Ia 4500 | ||
|---|---|---|---|
| 008 | 240729s9999 xx 000 0 und d | ||
| 022 | _a2188-2061 | ||
| 245 | 0 | _aHealth Emergency and Disaster Nursing | |
| 260 | _aJapan | ||
| 260 | _bNon Profit Organization Disaster Nursing Group | ||
| 650 | _a Medicine (General) | Medicine | ||
| 650 | _a Nursing | ||
| 650 | _aMedicine | ||
| 856 | _uhttps://doaj.org/toc/d2a1f9e34ff545088e1913753ee7ab24 | ||
| 942 | _2ddc | ||
| 942 | _cDOAJEJ | ||
| 999 |
_c66382 _d66382 |
||
| 945 |
_a1 _bMadushi Gamage _c1 _dMadushi Gamage |
||